Herr der Ringe Trivia #5 - Statistiken

Allgemein
  • Dieses Quiz wurde 258 mal gespielt
  • Das Durchschnittsergebnis liegt bei 16 aus 25
Antwortstatistiken
Hint Antwort % Korrekt
Sam versucht Frodo zu folgen, als dieser die Gemeinschaft mit Hilfe eines Bootes verlassen will und das obwohl Sam was nicht kann? Schwimmen
92%
Welche Haarfarbe hat Legolas? weiß / blond
92%
Von wem spricht Denethor als er sagt: "er ist der letzte aus einem lausigen Haus, seit langem der Herrschaft und würde beraubt!"? Aragorn
89%
Von was für einem Tier wird die Gemeinschaft des Ringes begleitet als sie von Bruchtal aus aufbricht? Pony
88%
Was soll Pippin für Denethor tun, während dieser isst? Singen
87%
Wen begehrt Grima Schlangenzunge? Eowyn
86%
Wer traf in Ithilien auf Frodo, Sam und Gollum? Faramir
80%
Elrond und Galadriel besitzen zur Zeit der Triologie zwei der Elbenringe wer besitzt den dritten? Gandalf
80%
Weswegen hätten die Elben von Lothlorien, laut Haldir, Gimli sogar im Dunkeln erschießen können? weil er so laut ist
77%
Welcher Charakter erzählt am Anfang des ersten Films die Vorgeschichte? Galadriel
76%
Was schenkt Frodo Sam am Ende der Triologie? Bilbos Buch / Frodos Buch
75%
Welches Reich sucht Aragorn am Vorabend der Schlacht bei Minas Tirith auf? Das Reich der Toten
70%
Wie heißt das Dorf im Auenland, in dem Frodo und Co zu Hause sind? Hobbingen
67%
Was bewahrt Gandalf der Graue an der Spitze seines Zauberstabes auf? seine Pfeife
67%
An welchem Ort erfährt Gandalf wie er herausfinden kann, ob Frodos Ring der eine Ring ist? In den Archiven von Minas Tirith
66%
Wie alt ist Aragorn laut eigener Aussage zu Eowyn? 87
63%
Was tut Frodo gerade, als Gandalf im ersten Film in Hobbingen eintrifft? Er ließt ein Buch
63%
Wer sagt: "Sucht nach euren Freunden. Doch macht euch keine Hoffnung. Die ist verloren in diesem Land"? Eomer
61%
Wie gelingt ers Arwen Frodo vor den Ringgeistern in Sicherheit zu bringen? Sie beschwört/verzaubert den Fluss
61%
Warum können die Ents keine Nachkommen mehr bekommen? Weil sie ihre Frauen verloren haben
55%
Wo beginnt der Kampf zwischen Gandalf und dem Balrog von Morgoth? Auf der Brücke von Khazad Dum
31%
Wie heißt der Tabak den Gandalf und Bilbo am Anfang von "Die Gefährten" rauchen? Alter Tobi
30%
Baumbart erklärt, dass er auf der Seite von niemanden ist, aus welchem Grund ist er das? Weil ebenso niemand auf seiner Seite ist
30%
Zu Beginn von "Die Gefährten" bittet Sam Gandalf, ihn nicht in was zu verwandeln? Ungeheuer
28%
Was tut Aragorn, als er das erste Mal in "Die Gefährten" zu sehen ist? Er raucht Pfeife im tänzelnden Pony und beobachtet die Hobbits
17%
Keine übereinstimmenden Quizze gefunden
Verteilung der Resultate
Anzahl Personen mit jedem Resultat
Perzentil nach korrekt beantworteten Fragen
Ihre Resultats-Entwicklung
Sie haben dieses Quiz noch nicht gespielt